Estadística d'Ensenyament : Curs 1985-1986 Curs 1985-1986
Publicado:
Barcelona :
Generalitat de Catalunya, Departament d'Ensenyament, Secretaria General ,
1987
Descripción Física:
161 p. ; 30 cm
MARC
| LEADER | 00000nam a2200000Ia 4500 | ||
|---|---|---|---|
| 001 | 6705 | ||
| 008 | 160829s1987 xx 000 0 cat d | ||
| 080 | |a E-1-32 | ||
| 245 | |a Estadística d'Ensenyament : |b Curs 1985-1986 | ||
| 260 | |a Barcelona : |b Generalitat de Catalunya, Departament d'Ensenyament, Secretaria General, |c 1987 | ||
| 300 | |a 161 p. ; |c 30 cm | ||
| 650 | |a Ensenyament |x Catalunya |x Estadístiques |9 26762 | ||
| 710 | |a Catalunya. |b Departament d'Ensenyament |9 52899 | ||
| 901 | |a Arxiu | ||
| 942 | |n 1 | ||
| 952 | |0 0 |1 0 |4 0 |6 E132 |7 1 |9 44125 |a Arxiu |b Arxiu |d 2016-12-01 |l 0 |o E-1-32 |p 6705 |r 2016-12-01 00:00:00 |w 2016-12-01 |y ARXIU | ||
| 999 | |c 46705 |d 46705 | ||